000 00414nam a2200181Ia 4500
001 3603
005 20260306145655.0
008 260306t2005||||xx |||||||||||||| ||spa||
041 _aESP
082 _a298.1
_bE36
100 _aMahoma, El Profeta, C. 570-632
_eAUT
245 0 _aEl Corán
260 _c2005
300 _a779 páginas :
_c17 cm.
650 _aGEN
654 _aCHU
942 _cLIB
_dJUS
_fJUS
_2ddc
_n
999 _c3603
_d3603